[Event "VII Weekend B"]
[Site "Padova ITA"]
[Date "2004.12.12"]
[Round "2"]
[White "Penzo, Michele"]
[Black "Casciello, Dimitri"]
[Result "0-1"]
[WhiteElo "1724"]
[BlackElo "1856"]
[PlyCount "84"]
[EventDate "2004.12.11"]

1. d4 Nf6 2. g3 g6 3. Bg2 Bg7 4. c4 O-O 5. Nc3 d6 6. Nf3 Nbd7 7. e4 e5 8. d5
Nc5 9. Bg5 a5 10. a4 Bd7 11. h4 h6 12. Bxf6 Qxf6 13. Qc2 Qe7 14. Nd2 h5 15. Nb3
Na6 16. Nd1 Nb4 17. Qc3 b6 18. Ne3 Bh6 19. Nc2 Na6 20. O-O Qe8 21. Nd2 Bxa4 22.
b3 Bxd2 23. Qxd2 Bxb3 24. Ne3 Nc5 25. f4 Ba4 26. f5 Nb3 27. Qa2 Nxa1 28. Qxa1
Bd7 29. f6 Kh7 30. Qc1 Rg8 31. Nf5 gxf5 32. Qd1 Rg4 33. Bh3 fxe4 34. Bxg4 Bxg4
35. Qe1 Qg8 36. Qxe4+ Qg6 37. Qe3 a4 38. Qa3 Qe4 39. Qc1 a3 40. Re1 Qf3 41. Qg5
Qxg3+ 42. Kf1 Bh3+ 0-1

[Event "VII Weekend B"]
[Site "Padova ITA"]
[Date "2004.12.12"]
[Round "2"]
[White "Rodeghiero, Andrea"]
[Black "Maniero, Andrea"]
[Result "0-1"]
[WhiteElo "1799"]
[BlackElo "1691"]
[PlyCount "42"]
[EventDate "2004.12.11"]

1. Nf3 c5 2. c4 Nf6 3. Nc3 e6 4. d4 cxd4 5. Nxd4 d5 6. Bg5 dxc4 7. Qa4+ Bd7 8.
Qxc4 Be7 9. g3 Nc6 10. Bxf6 Bxf6 11. Ndb5 O-O 12. Bg2 Rc8 13. Nd6 Na5 14. Qd3
Rc7 15. Rd1 Bc6 16. O-O Bxg2 17. Kxg2 Rd7 18. Qb5 a6 19. Qa4 b5 20. Qa3 Be7 21.
Nxf7 Qa8+ 0-1

[Event "VII Weekend B"]
[Site "Padova ITA"]
[Date "2004.12.12"]
[Round "2"]
[White "Salata, Alessio"]
[Black "Zangrando, Gianpietro"]
[Result "0-1"]
[WhiteElo "1718"]
[BlackElo "1846"]
[PlyCount "114"]
[EventDate "2004.12.11"]

1. d4 d5 2. Nf3 Nf6 3. e3 c6 4. Bd3 Bg4 5. Nbd2 e6 6. c3 Nbd7 7. O-O Qc7 8. Qc2
e5 9. dxe5 Nxe5 10. Nxe5 Qxe5 11. Re1 Bd6 12. Nf1 O-O-O 13. f3 Bh5 14. f4 Qe7
15. e4 dxe4 16. Bxe4 Nxe4 17. Qxe4 Qxe4 18. Rxe4 Rhe8 19. Rxe8 Rxe8 20. Be3 Kc7
21. Kf2 f6 22. Ng3 Bf7 23. b3 b6 24. Nf5 Bf8 25. h3 g6 26. Ng3 f5 27. Rd1 c5
28. c4 Be7 29. Ne2 Bf6 30. Kf3 Be6 31. g3 Bc8 32. Nc1 Bb7+ 33. Kf2 Be4 34. Nd3
Rd8 35. Ke2 Bg2 36. h4 Bh3 37. Kd2 Bg4 38. Re1 Bf3 39. Kc2 Be4 40. Rd1 h5 41.
Rd2 a6 42. Rd1 Re8 43. Kd2 Rd8 44. Kc2 Kc6 45. Rd2 b5 46. Rd1 b4 47. Bf2 Bc3
48. Bxc5 Rxd3 49. Rxd3 Bxd3+ 50. Kxd3 Kxc5 51. Ke3 a5 52. Kf3 Kd4 53. Ke2 Ke4
54. Kf2 Bd4+ 55. Kg2 Kd3 56. Kf3 Kc2 57. Ke2 Bc5 0-1

[Event "VII Weekend B"]
[Site "Padova ITA"]
[Date "2004.12.12"]
[Round "2"]
[White "Scandiuzzi, Roberto"]
[Black "Demiraj, Rumi"]
[Result "0-1"]
[WhiteElo "1560"]
[BlackElo "1910"]
[PlyCount "26"]
[EventDate "2004.12.11"]

1. d4 c5 2. Nf3 cxd4 3. Nxd4 e5 4. Nb3 d5 5. e3 Nf6 6. c4 Bb4+ 7. N1d2 O-O 8.
cxd5 Qxd5 9. Be2 Qxg2 10. Rf1 Qxh2 11. a3 Bxd2+ 12. Nxd2 e4 13. Qb3 b6 0-1

[Event "VII Weekend B"]
[Site "Padova ITA"]
[Date "2004.12.12"]
[Round "2"]
[White "Simioni, Tiziano"]
[Black "Temporin, Alberto"]
[Result "0-1"]
[WhiteElo "1763"]
[BlackElo "1580"]
[PlyCount "82"]
[EventDate "2004.12.11"]

1. d4 d5 2. c4 e6 3. e3 Nf6 4. Nf3 c5 5. Nbd2 Nc6 6. b3 cxd4 7. exd4 dxc4 8.
Bxc4 Nxd4 9. O-O Bc5 10. Bb2 O-O 11. Nxd4 Bxd4 12. Qc2 Bxb2 13. Qxb2 Bd7 14.
Rad1 Qb6 15. Nf3 Bb5 16. Qe5 Bxc4 17. bxc4 Rad8 18. h4 h6 19. Rb1 Qc6 20. Rfc1
b6 21. Qb2 Qc5 22. Qe2 Rd6 23. Rb5 Qa3 24. Rcb1 Qd3 25. Qxd3 Rxd3 26. Ne5 Rd2
27. a4 Ne4 28. Rf1 Nc3 29. Rb4 Ra2 30. Nc6 Ra8 31. h5 Nxa4 32. Rd1 Nc5 33. Rd6
Ne4 34. Rd7 Nxf2 35. c5 Ng4 36. Kf1 Ne3+ 37. Kg1 Rxg2+ 38. Kh1 Rc2 39. Ne7+ Kf8
40. cxb6 axb6 41. Rxb6 Ra1+ 0-1

[Event "VII Weekend B"]
[Site "Padova ITA"]
[Date "2004.12.12"]
[Round "2"]
[White "Ungaro, Olindo"]
[Black "Giordan, Daniele"]
[Result "1-0"]
[WhiteElo "1999"]
[BlackElo "1729"]
[PlyCount "78"]
[EventDate "2004.12.11"]

1. e4 d6 2. d4 Nf6 3. Nc3 g6 4. f4 Bg7 5. Nf3 O-O 6. Bd3 Nc6 7. h3 Re8 8. O-O
Nh5 9. g4 Nf6 10. a3 e5 11. d5 Nd4 12. f5 c6 13. Bc4 b5 14. Ba2 c5 15. Re1 Qb6
16. Kg2 b4 17. Nb1 Ba6 18. Nbd2 bxa3 19. bxa3 Rab8 20. Nc4 Qc7 21. c3 Nxf3 22.
Qxf3 Bxc4 23. Bxc4 Rb6 24. Ra2 h6 25. h4 Reb8 26. Rd1 Nh7 27. g5 hxg5 28. hxg5
gxf5 29. exf5 f6 30. g6 Nf8 31. Rh1 Rb1 32. Bd3 R1b3 33. Bc2 R3b6 34. Rh4 c4
35. Qe2 Rc8 36. Rb2 Rxb2 37. Bxb2 Qc5 38. Bc1 Qxd5+ 39. Be4 Qb5 1-0

[Event "VII Weekend B"]
[Site "Padova ITA"]
[Date "2004.12.12"]
[Round "2"]
[White "Valentini, Paola"]
[Black "Benedetti, Maurizio"]
[Result "1-0"]
[WhiteElo "1787"]
[BlackElo "1523"]
[PlyCount "77"]
[EventDate "2004.12.11"]

1. c4 e5 2. Nc3 Nf6 3. g3 g6 4. Bg2 Bg7 5. d3 O-O 6. Nf3 Re8 7. O-O d6 8. Bd2
Nc6 9. Rb1 a5 10. Qc1 Bd7 11. Bg5 Qc8 12. Nd2 Nd4 13. Bxf6 Bxf6 14. Nde4 Bg7
15. Qg5 f5 16. Nf6+ Bxf6 17. Qxf6 Rf8 18. Qg5 Ne6 19. Qh6 Rb8 20. Nd5 Qd8 21.
b4 c6 22. Ne3 b5 23. cxb5 Rxb5 24. bxa5 Qxa5 25. Ra1 Nd4 26. Rfe1 d5 27. h4 Rf6
28. f4 exf4 29. Qxf4 Ne6 30. Qe5 Rf8 31. Qd6 Qc7 32. Qxc7 Nxc7 33. a4 Ra5 34.
Reb1 Rf7 35. Nc2 c5 36. Rb7 Rxa4 37. Rxa4 Bxa4 38. Ne3 Bc6 39. Rb6 {...} 1-0

[Event "VII Weekend B"]
[Site "Padova ITA"]
[Date "2004.12.12"]
[Round "3"]
[White "Basset, Sergio"]
[Black "Boscolo, Michele"]
[Result "0-1"]
[WhiteElo "1790"]
[BlackElo "1711"]
[PlyCount "78"]
[EventDate "2004.12.11"]

1. d4 Nf6 2. c4 e5 3. dxe5 Ng4 4. Nf3 Bc5 5. e3 Nc6 6. Be2 Ngxe5 7. Nxe5 Nxe5
8. O-O O-O 9. Nc3 d6 10. a3 a6 11. b4 Ba7 12. Ne4 Be6 13. Nd2 Qe7 14. Bb2 Rad8
15. Rc1 f6 16. Qc2 Qf7 17. Bd4 c5 18. Bb2 Qg6 19. Qxg6 hxg6 20. Nf3 Nc6 21. Bc3
g5 22. h3 g4 23. hxg4 Bxg4 24. Rfe1 Be6 25. Red1 Kf7 26. Rc2 Bb8 27. Rcd2 Bc7
28. g3 b6 29. bxc5 dxc5 30. Rxd8 Rxd8 31. Rxd8 Bxd8 32. Nd2 Bc7 33. Bf3 Ne5 34.
Bxe5 Bxe5 35. Bd5 Ke7 36. f4 Bc3 37. Ne4 Bxd5 38. cxd5 Bb2 39. a4 c4 0-1

[Event "VII Weekend B"]
[Site "Padova ITA"]
[Date "2004.12.12"]
[Round "3"]
[White "Benedetti, Maurizio"]
[Black "Solinas, Roberto"]
[Result "1-0"]
[WhiteElo "1523"]
[BlackElo "1652"]
[PlyCount "104"]
[EventDate "2004.12.11"]

1. e4 c6 2. d4 d5 3. exd5 cxd5 4. Bd3 Nc6 5. c3 h6 6. Nf3 Bg4 7. O-O Nf6 8. Re1
Bxf3 9. Qxf3 e6 10. Bf4 Bd6 11. Nd2 Qc7 12. Bxd6 Qxd6 13. Nf1 O-O 14. Re3 Rae8
15. Rae1 e5 16. dxe5 Rxe5 17. Rxe5 Nxe5 18. Qg3 Nfd7 19. Nd2 Qf6 20. Bb5 Rd8
21. Bxd7 Nxd7 22. Qf3 Qd6 23. Qe3 b6 24. Nf3 Nf6 25. Qe7 a5 26. Qxd6 Rxd6 27.
Nd4 g6 28. f3 Kg7 29. Kf2 Nd7 30. Nb5 Re6 31. Rd1 Nf6 32. Rd4 Re7 33. Rd3 g5
34. Re3 Re8 35. Rxe8 Nxe8 36. Ke3 Kf6 37. Kd4 Ke6 38. a4 f5 39. b4 axb4 40.
cxb4 Nf6 41. a5 bxa5 42. bxa5 Kd7 43. a6 Kc8 44. Ke5 Nd7+ 45. Kxf5 Nc5 46. a7
Kb7 47. Kg6 Nd3 48. Kxh6 Nf4 49. g3 Ne6 50. h4 gxh4 51. gxh4 d4 52. Kg6 52...
d3 {...} 1-0

[Event "VII Weekend B"]
[Site "Padova ITA"]
[Date "2004.12.12"]
[Round "3"]
[White "Canazza, Alessandro"]
[Black "Ungaro, Olindo"]
[Result "0-1"]
[WhiteElo "1775"]
[BlackElo "1999"]
[PlyCount "120"]
[EventDate "2004.12.11"]

1. g3 d5 2. Bg2 c6 3. d3 Nf6 4. Nd2 e5 5. e4 Bg4 6. Ne2 dxe4 7. dxe4 Bc5 8. h3
Be6 9. O-O O-O 10. Nb3 Bb6 11. Bg5 Qe7 12. Bxf6 Qxf6 13. Nc3 Bc4 14. Ne2 Rd8
15. Qe1 a5 16. Kh2 Na6 17. Nd2 Be6 18. a3 a4 19. Nf3 Bc4 20. Nd2 Ba5 21. c3 Bb5
22. Rd1 Nc5 23. Rb1 Qd6 24. Nf3 f6 25. Rh1 Qd3 26. Neg1 Qxe4 27. Qc1 Nd3 28.
Qc2 Nxf2 29. Qxf2 Qxb1 30. Nh4 Rd1 31. Qc5 Bf1 32. Ngf3 Bxg2 33. Rxd1 Qxd1 34.
Kxg2 Qe2+ 35. Kh1 Qd1+ 36. Kh2 Bc7 37. Qc4+ Qd5 38. Qg4 Kh8 39. Nf5 Qd7 40.
N3h4 Rd8 41. Qh5 Qd2+ 42. Ng2 Qg5 43. Qf7 Qxf5 44. Qxc7 Qd7 45. Qa5 b5 46. c4
bxc4 47. Qxa4 Qd5 48. Qa7 e4 49. h4 Qd7 50. Qc5 Re8 51. a4 Qe7 52. a5 e3 53.
Qxc6 e2 54. a6 e1=Q 55. Nxe1 Qxe1 56. a7 Qd2+ 57. Kh3 Qd8 58. Qxc4 Qc8+ 59.
Qxc8 Rxc8 60. b4 Ra8 0-1

[Event "VII Weekend B"]
[Site "Padova ITA"]
[Date "2004.12.12"]
[Round "3"]
[White "Casciello, Dimitri"]
[Black "Negro, Raffaele"]
[Result "1-0"]
[WhiteElo "1856"]
[BlackElo "1775"]
[PlyCount "89"]
[EventDate "2004.12.11"]

1. e4 d6 2. d4 Nf6 3. Nc3 c6 4. f3 Nbd7 5. Be3 Qb6 6. Qc1 e6 7. g4 h6 8. Nge2
a6 9. Bg2 Qc7 10. a4 Be7 11. Qd2 Rb8 12. a5 b5 13. axb6 Nxb6 14. b3 Bb7 15. O-O
O-O 16. Nf4 e5 17. Nfe2 Nbd7 18. h3 Rfe8 19. Ng3 Bf8 20. Nf5 exd4 21. Nxd4 d5
22. exd5 Nxd5 23. Nxd5 cxd5 24. Kh1 Rbc8 25. Qf2 Qe5 26. Rae1 Bd6 27. f4 Qf6
28. Bd2 Nc5 29. Nf5 Bf8 30. Be3 Ne4 31. Bxe4 Rxe4 32. Bd4 Qc6 33. c3 Rce8 34.
Ng3 R4e6 35. b4 Qc4 36. Rxe6 Rxe6 37. f5 Re8 38. f6 g6 39. Rg1 Bc8 40. Qf4 Qc6
41. Nf5 Bxf5 42. gxf5 g5 43. h4 Re4 44. Qf2 Rf4 45. Qxf4 1-0

[Event "VII Weekend B"]
[Site "Padova ITA"]
[Date "2004.12.12"]
[Round "3"]
[White "Cipolotti, Piersilvio"]
[Black "Valentini, Paola"]
[Result "0-1"]
[WhiteElo "1679"]
[BlackElo "1787"]
[PlyCount "116"]
[EventDate "2004.12.11"]

1. Nf3 Nf6 2. g3 d5 3. Bg2 g6 4. O-O Bg7 5. d3 O-O 6. Nbd2 c6 7. e4 Bg4 8. e5
Nfd7 9. d4 c5 10. c3 cxd4 11. cxd4 Nc6 12. h3 Bxf3 13. Nxf3 Rc8 14. a3 e6 15.
Bg5 Qb6 16. Qd2 Na5 17. Bh6 Nb3 18. Qf4 Nxa1 19. Rxa1 Qxb2 20. Rf1 Qxa3 21. h4
Qd3 22. Bxg7 Kxg7 23. h5 Qf5 24. h6+ Kg8 25. Qh4 Rfe8 26. Ng5 f6 27. exf6 Qxf6
28. Bh3 Rc4 29. Re1 Rc2 30. f3 Nf8 31. Re5 b5 32. f4 Nd7 33. Qg4 Rc1+ 34. Kh2
Nxe5 35. dxe5 Qf5 36. Qh4 Qc2+ 37. Bg2 Qd1 38. Nxe6 Qh5 39. Qxh5 gxh5 40. Bxd5
Rxe6 41. Bxe6+ Kf8 42. Bf5 b4 43. Bxh7 b3 44. Bg6 b2 45. e6 b1=Q 46. Bxb1 Rxb1
47. f5 Ke7 48. Kh3 Kf6 49. h7 Rb8 50. Kh4 Rh8 51. Kxh5 Rxh7+ 52. Kg4 Rg7+ 53.
Kf4 a5 54. g4 Rxg4+ 55. Kxg4 a4 56. Kh5 a3 57. Kh6 a2 58. e7 Kxe7 0-1

[Event "VII Weekend B"]
[Site "Padova ITA"]
[Date "2004.12.12"]
[Round "3"]
[White "Demiraj, Rumi"]
[Black "Ceccherini, Paolo"]
[Result "1-0"]
[WhiteElo "1910"]
[BlackElo "1706"]
[PlyCount "58"]
[EventDate "2004.12.11"]

1. Nf3 Nf6 2. g3 d5 3. Bg2 Nc6 4. O-O e5 5. d3 Bd6 6. Nbd2 Be6 7. e4 Qd7 8. Ng5
O-O-O 9. c3 h5 10. h3 dxe4 11. dxe4 Nh7 12. Ndf3 Bc4 13. Re1 f6 14. Nxh7 Rxh7
15. Kh2 g5 16. Ng1 Bc5 17. Qf3 Qf7 18. Bf1 Bxf1 19. Rxf1 Qc4 20. Be3 Bxe3 21.
Qxe3 Rd3 22. Qe2 g4 23. Rad1 Rhd7 24. hxg4 h4 25. gxh4 Ne7 26. h5 b5 27. Rxd3
Qxd3 28. Qxd3 Rxd3 29. Kg2 29... Ng8 {...} 1-0

[Event "VII Weekend B"]
[Site "Padova ITA"]
[Date "2004.12.12"]
[Round "3"]
[White "Giordan, Daniele"]
[Black "Borgato, Alessandro"]
[Result "1-0"]
[WhiteElo "1729"]
[BlackElo "1625"]
[PlyCount "89"]
[EventDate "2004.12.11"]

1. e4 e5 2. Nf3 d6 3. d4 Nf6 4. Bg5 exd4 5. Qxd4 Be7 6. Nc3 O-O 7. O-O-O Be6 8.
Qd2 Nc6 9. h4 a6 10. Nd4 Nxd4 11. Qxd4 b5 12. e5 Ne4 13. Bxe7 Qxe7 14. exd6
cxd6 15. f3 Nf6 16. Qxd6 Qb7 17. Qb4 Qb6 18. Kb1 Rfd8 19. Be2 Rxd1+ 20. Rxd1
Rd8 21. Rxd8+ Qxd8 22. Ne4 Bc4 23. Qe1 Nxe4 24. fxe4 Bxe2 25. Qxe2 Qxh4 26. a4
g6 27. axb5 axb5 28. b3 Qf4 29. e5 b4 30. e6 fxe6 31. Qxe6+ Kg7 32. Qd7+ Kh8
33. Qd3 Qh4 34. Qf3 Qe7 35. c3 Qe1+ 36. Kc2 Qe7 37. cxb4 Qxb4 38. Qc3+ Qxc3+
39. Kxc3 Kg8 40. Kd4 Kf8 41. Kd5 Ke7 42. Kc6 Kd8 43. Kd6 h5 44. Ke6 g5 45. Kf5
1-0

[Event "VII Weekend B"]
[Site "Padova ITA"]
[Date "2004.12.12"]
[Round "3"]
[White "Jimchi, Abdelaziz"]
[Black "Colusso, Enrico"]
[Result "1/2-1/2"]
[WhiteElo "1820"]
[BlackElo "1691"]
[PlyCount "61"]
[EventDate "2004.12.11"]

1. Nf3 Nf6 2. g3 b6 3. Bg2 Bb7 4. d3 e6 5. O-O d5 6. Nbd2 c5 7. Re1 Be7 8. c3
Nc6 9. e4 dxe4 10. dxe4 O-O 11. Qc2 Qc7 12. Nc4 e5 13. Bg5 h6 14. Bxf6 Bxf6 15.
Ne3 Rad8 16. Nd5 Qd6 17. Rad1 Ne7 18. Nxf6+ Qxf6 19. Nh4 g5 20. Nf3 Nc6 21. Qe2
Rxd1 22. Rxd1 Rd8 23. h3 Rd6 24. Rxd6 Qxd6 25. Nh2 Kg7 26. Nf1 Ne7 27. Ne3 Qd7
28. Nd5 Bxd5 29. exd5 Nxd5 30. Qxe5+ Nf6 31. Bf1 1/2-1/2

[Event "VII Weekend B"]
[Site "Padova ITA"]
[Date "2004.12.12"]
[Round "3"]
[White "Maniero, Andrea"]
[Black "Nagliati, Paolo"]
[Result "1-0"]
[WhiteElo "1691"]
[BlackElo "1829"]
[PlyCount "39"]
[EventDate "2004.12.11"]

1. e4 d6 2. Nc3 Nf6 3. f4 c5 4. Nf3 Nc6 5. g3 g6 6. Bg2 Bg7 7. d3 Bg4 8. h3 Bd7
9. O-O O-O 10. Ne2 b5 11. c3 Rb8 12. Be3 c4 13. Nfd4 Qc7 14. g4 e5 15. Nxc6
Bxc6 16. f5 gxf5 17. g5 cxd3 18. Ng3 Nxe4 19. Nxf5 Nc5 20. Bxc6 1-0

[Event "VII Weekend B"]
[Site "Padova ITA"]
[Date "2004.12.12"]
[Round "3"]
[White "Menini, Luca"]
[Black "Maniero, Riccardo"]
[Result "0-1"]
[WhiteElo "1715"]
[BlackElo "1862"]
[PlyCount "66"]
[EventDate "2004.12.11"]

1. d4 Nf6 2. c4 c5 3. d5 b5 4. cxb5 a6 5. Nc3 axb5 6. Nxb5 Qa5+ 7. Nc3 Ba6 8.
Bd2 Qc7 9. Nf3 d6 10. Rc1 Nbd7 11. g3 g6 12. Bg2 Bg7 13. O-O O-O 14. Re1 Ng4
15. e4 Nge5 16. Nxe5 Nxe5 17. Bf1 Bxf1 18. Rxf1 Nd3 19. Rb1 c4 20. Qe2 Bxc3 21.
Bxc3 Rxa2 22. Qe3 Rb8 23. Qd4 f6 24. b3 Qb6 25. bxc4 Qxb1 26. Rxb1 Rxb1+ 27.
Kg2 Nxf2 28. Kf3 Rb3 29. c5 Rc2 30. Qa4 Rbxc3+ 31. Kf4 Kf7 32. h4 h5 33. Qd7
Nd3+ 0-1

[Event "VII Weekend B"]
[Site "Padova ITA"]
[Date "2004.12.12"]
[Round "3"]
[White "Mosca, Giulia"]
[Black "Penzo, Michele"]
[Result "0-1"]
[WhiteElo "1590"]
[BlackElo "1724"]
[PlyCount "114"]
[EventDate "2004.12.11"]

1. e4 d6 2. d4 Nf6 3. Bd3 g6 4. Nc3 Bg7 5. h3 O-O 6. Be3 a6 7. Nge2 e5 8. Qd2
Re8 9. g4 Nc6 10. O-O-O b5 11. Rdg1 exd4 12. Nxd4 Nxd4 13. Bxd4 c5 14. Be3 c4
15. Be2 b4 16. Nd5 c3 17. bxc3 Nxe4 18. Qd3 Nxc3 19. Nxc3 Bxc3 20. Bf3 Rb8 21.
Ba7 Qa5 22. Bd5 Qa3+ 23. Kd1 Qb2 24. Be3 Bd7 25. Bc4 d5 26. Qxd5 Be6 27. Qe4
Rbd8+ 28. Ke2 Bxc4+ 29. Qxc4 Qxc2+ 30. Kf3 Qa4 31. Rc1 Rc8 32. Qe2 Qc6+ 33. Kg3
Qd6+ 34. Kf3 Qd5+ 35. Kg3 Be5+ 36. f4 Bc3 37. Kf2 Rc4 38. Rhd1 Qc6 39. Qf1 Rce4
40. Rd3 Qe6 41. Qe2 Rxf4+ 42. Kg2 Re4 43. Kf2 Qf6+ 44. Kg2 Qh4 45. Rf1 Qe7 46.
Rf3 a5 47. Kf1 Qe6 48. Kg2 Bg7 49. Kf2 Bh6 50. Qe1 Qxa2+ 51. Qe2 Qe6 52. Qe1
Bxe3+ 53. Rdxe3 Rxe3 54. Rxe3 Qxe3+ 55. Qxe3 Rxe3 56. Kxe3 Kg7 57. Kd4 Kf6 0-1

[Event "VII Weekend B"]
[Site "Padova ITA"]
[Date "2004.12.12"]
[Round "3"]
[White "Palumbo, Giuseppe"]
[Black "Cestonaro, Federico"]
[Result "1/2-1/2"]
[WhiteElo "1652"]
[BlackElo "1535"]
[PlyCount "109"]
[EventDate "2004.12.11"]

1. e4 c5 2. Nf3 Nc6 3. d4 cxd4 4. Nxd4 e5 5. Nb5 d6 6. N1c3 a6 7. Na3 b5 8. Nd5
Be6 9. c4 bxc4 10. Qa4 Bxd5 11. exd5 Qa5+ 12. Qxa5 Nxa5 13. Bd2 Nb7 14. Bxc4
Nf6 15. f3 Nc5 16. O-O Na4 17. Rfb1 Nb6 18. b4 Nxc4 19. Nxc4 Nxd5 20. b5 axb5
21. Rxb5 Rc8 22. Nxd6+ Bxd6 23. Rxd5 Ke7 24. a4 Rhd8 25. Kf1 Ke6 26. Rd3 Ra8
27. Ke2 Ra6 28. h3 Rda8 29. a5 Bc5 30. Ra2 Bb6 31. Rda3 Bc7 32. Kd3 Kd5 33. Ra4
f5 34. g3 Re8 35. Rh4 e4+ 36. fxe4+ fxe4+ 37. Ke2 h6 38. Rg4 g5 39. h4 gxh4 40.
gxh4 h5 41. Rg5+ Re5 42. Rg7 Bd6 43. Rg6 Re6 44. Rg5+ Re5 45. Rg7 Be7 46. Be1
Kc6 47. Rg6+ Kb5 48. Rxa6 Kxa6 49. Ke3 Rb5 50. Ra4 Bd8 51. Kxe4 Rb1 52. Bg3
Bxa5 53. Bc7 Rb4+ 54. Rxb4 Bxb4 55. Kf5 1/2-1/2

[Event "VII Weekend B"]
[Site "Padova ITA"]
[Date "2004.12.12"]
[Round "3"]
[White "Pomaro, Alberto"]
[Black "Baldi, Giancarlo"]
[Result "0-1"]
[WhiteElo "1697"]
[BlackElo "1853"]
[PlyCount "88"]
[EventDate "2004.12.11"]

1. d4 Nf6 2. c4 g6 3. Nc3 d5 4. Bg5 dxc4 5. e3 Bg7 6. Bxc4 O-O 7. Nf3 c5 8.
Bxf6 exf6 9. O-O cxd4 10. Nxd4 Qc7 11. Bb3 Nc6 12. Nd5 Qe5 13. Nxc6 bxc6 14.
Nc3 f5 15. Qf3 Bb7 16. Qg3 Qe7 17. Rfd1 Rad8 18. Rxd8 Rxd8 19. Rd1 Rxd1+ 20.
Nxd1 Be5 21. f4 Bf6 22. Qf3 Qb4 23. Qe2 c5 24. Kf2 Bh4+ 25. g3 Bf6 26. Qc4 Qd2+
27. Qe2 Qd7 28. Qc4 Ba8 29. Ke2 Qb7 30. Kd2 Qd7+ 31. Kc1 Qe7 32. Kb1 Be4+ 33.
Ka1 Bf3 34. Nc3 Bxc3 35. Qxc3 Qc7 36. Qe5 Qc8 37. Qe7 c4 38. Ba4 Bd5 39. Qd7
Qc5 40. Qe8+ Kg7 41. Qb5 Qxe3 42. Bc2 Qc1+ 43. Bb1 Be4 44. Qe5+ Kh6 0-1

[Event "VII Weekend B"]
[Site "Padova ITA"]
[Date "2004.12.12"]
[Round "3"]
[White "Porta, Federico"]
[Black "Gualazzi, Paolo"]
[Result "1-0"]
[WhiteElo "1799"]
[BlackElo "1697"]
[PlyCount "85"]
[EventDate "2004.12.11"]

1. d4 Nf6 2. Bf4 d5 3. e3 g6 4. Nf3 Bg7 5. Nbd2 O-O 6. Be2 Nbd7 7. h3 a6 8. O-O
b5 9. Nb3 c6 10. c3 Bb7 11. Ne5 Nxe5 12. Bxe5 Nd7 13. Bg3 Rc8 14. a4 Qb6 15.
Bg4 f5 16. Bf3 e6 17. Bd6 Rfe8 18. Bc5 Nxc5 19. Nxc5 e5 20. axb5 axb5 21. Qb3
e4 22. Be2 Ra8 23. c4 dxc4 24. Bxc4+ Kh8 25. Rfe1 Rxa1 26. Rxa1 Ra8 27. Rxa8+
Bxa8 28. Be2 Qd8 29. Qf7 Bf6 30. Bd1 Qe7 31. Qa2 Bb7 32. Qa7 Bc8 33. Qa8 Qe8
34. Bb3 Be7 35. Qb8 Bxc5 36. dxc5 Bd7 37. Qd6 Kg7 38. h4 Kh6 39. Qf6 Bc8 40.
Bf7 Qf8 41. b4 Bd7 42. h5 Kxh5 43. Bxg6+ 1-0

[Event "VII Weekend B"]
[Site "Padova ITA"]
[Date "2004.12.12"]
[Round "3"]
[White "Quaranta, Gaetano"]
[Black "Favero, Graziano"]
[Result "1/2-1/2"]
[WhiteElo "1700"]
[BlackElo "1817"]
[PlyCount "66"]
[EventDate "2004.12.11"]

1. d4 d6 2. c4 Nf6 3. Nc3 g6 4. Nf3 Bg7 5. e4 O-O 6. Be2 e5 7. O-O Nc6 8. d5
Ne7 9. Be3 Nd7 10. Nd2 f5 11. f3 f4 12. Bf2 g5 13. Nb3 Ng6 14. c5 Nf6 15. cxd6
cxd6 16. Rc1 Rf7 17. Nd2 h5 18. Nc4 Bf8 19. Nb5 g4 20. Bxa7 gxf3 21. Bxf3 Ng4
22. Bb6 Qh4 23. h3 Qg3 24. hxg4 hxg4 25. Bf2 gxf3 26. Bxg3 fxg3 27. gxf3 Nf4
28. Ncxd6 Rg7 29. Rxc8 Rxc8 30. Nxc8 Bc5+ 31. Nd4 Bxd4+ 32. Qxd4 Ne2+ 33. Kg2
Nf4+ 1/2-1/2

[Event "VII Weekend B"]
[Site "Padova ITA"]
[Date "2004.12.12"]
[Round "3"]
[White "Rigo, Caterina"]
[Black "Simioni, Tiziano"]
[Result "1-0"]
[WhiteElo "1667"]
[BlackElo "1763"]
[PlyCount "61"]
[EventDate "2004.12.11"]

1. e4 e6 2. d4 d5 3. e5 Ne7 4. Nf3 Nbc6 5. c3 a6 6. Bf4 Ng6 7. Bg3 Be7 8. Bd3
b5 9. a3 Na5 10. Nbd2 c5 11. b4 Nc4 12. Nxc4 bxc4 13. Bxg6 fxg6 14. bxc5 O-O
15. O-O Bd7 16. Rb1 Qa5 17. Rb7 Ba4 18. Qa1 Rae8 19. Rfb1 Bb3 20. Nd2 Bc2 21.
R1b6 Bg5 22. Nf3 Rxf3 23. gxf3 Bd2 24. Rb4 Bb3 25. f4 h5 26. h4 Rf8 27. c6 Rc8
28. c7 Rxc7 29. Rxc7 Qxc7 30. Qb2 Bxc3 31. Qxc3 1-0

[Event "VII Weekend B"]
[Site "Padova ITA"]
[Date "2004.12.12"]
[Round "3"]
[White "Sanavio, Giancarlo"]
[Black "Rodeghiero, Andrea"]
[Result "0-1"]
[WhiteElo "1685"]
[BlackElo "1799"]
[PlyCount "56"]
[EventDate "2004.12.11"]

1. Nf3 Nf6 2. c4 g6 3. b4 Bg7 4. Bb2 O-O 5. e3 c6 6. Be2 d6 7. d4 d5 8. Nbd2
Nbd7 9. O-O Nb6 10. Ne5 Be6 11. c5 Nbd7 12. Ndf3 Nxe5 13. Nxe5 Nd7 14. f4 Nxe5
15. fxe5 f6 16. Bd3 fxe5 17. dxe5 Qc7 18. Bc2 Bxe5 19. Bxe5 Qxe5 20. Qd4 Qg5
21. h4 Qg3 22. Rf4 Bh3 23. Qd2 e5 24. Rxf8+ Rxf8 25. a4 Bxg2 26. Qxg2 Qxe3+ 27.
Kh1 Rf2 28. Qg4 Rxc2 0-1

[Event "VII Weekend B"]
[Site "Padova ITA"]
[Date "2004.12.12"]
[Round "3"]
[White "Temporin, Alberto"]
[Black "Castellano, Alfonso"]
[Result "1-0"]
[WhiteElo "1580"]
[BlackElo "1881"]
[PlyCount "78"]
[EventDate "2004.12.11"]

1. e4 c5 2. Nc3 Nc6 3. Nf3 g6 4. Bc4 Bg7 5. a3 e6 6. d3 Nge7 7. h3 d5 8. Ba2 b5
9. O-O b4 10. axb4 cxb4 11. Ne2 d4 12. Bd2 O-O 13. Bc4 Bb7 14. Qc1 Nc8 15. Bh6
Nd6 16. Ba2 Qb6 17. Bxg7 Kxg7 18. Qf4 Rfd8 19. Ne5 Qc5 20. Ng4 Ne8 21. Bb3 h5
22. Qh6+ Kg8 23. Nh2 Qf8 24. Qg5 Qg7 25. f4 Nd6 26. Ng3 Bc8 27. e5 Ne8 28. Ba4
Bb7 29. Bxc6 Bxc6 30. Qe7 Qf8 31. Qxf8+ Kxf8 32. Ne2 Nc7 33. Ra5 Nb5 34. Rfa1
Rab8 35. Kf2 Rd7 36. Nf3 Bxf3 37. Kxf3 Rc7 38. Rc1 Rc5 39. Ra4 39... f6 {...}
1-0

[Event "VII Weekend B"]
[Site "Padova ITA"]
[Date "2004.12.12"]
[Round "3"]
[White "Zangrando, Gianpietro"]
[Black "Bellemo, Davide"]
[Result "1-0"]
[WhiteElo "1846"]
[BlackElo "1715"]
[PlyCount "55"]
[EventDate "2004.12.11"]

1. Nf3 Nf6 2. d4 d5 3. Nbd2 e6 4. e3 Bd6 5. Bd3 O-O 6. O-O Nbd7 7. e4 dxe4 8.
Nxe4 Nxe4 9. Bxe4 c6 10. c3 h6 11. Bc2 Qc7 12. Be3 Nf6 13. Qd2 Rd8 14. Bxh6
gxh6 15. Qxh6 Nd5 16. Bh7+ Kh8 17. Bg6+ Kg8 18. Qh7+ Kf8 19. Qh8+ Ke7 20. Qg7
Ke8 21. Qg8+ Bf8 22. Bh5 Nf6 23. Qh8 Nxh5 24. Qxh5 b6 25. Rfe1 Rd5 26. Qh7 Rf5
27. Qxf5 Qe7 28. Qg5 1-0

[Event "VII Weekend B"]
[Site "Padova ITA"]
[Date "2004.12.12"]
[Round "3"]
[White "Zanirato, Stefano"]
[Black "Di Cerbo, Giulia"]
[Result "1/2-1/2"]
[WhiteElo "1786"]
[BlackElo "1676"]
[PlyCount "97"]
[EventDate "2004.12.11"]

1. Nf3 e6 2. d3 d5 3. c3 Nf6 4. Qc2 c5 5. e4 Nc6 6. Be2 b6 7. O-O Bb7 8. a3 Bd6
9. b4 cxb4 10. axb4 Qc7 11. Na3 a6 12. g3 O-O 13. Nh4 dxe4 14. dxe4 Ne5 15. f3
Ng6 16. Nxg6 hxg6 17. Bd3 b5 18. Bb2 Rac8 19. Qe2 Be5 20. Rac1 Rfd8 21. Bb1
Qb6+ 22. Kg2 Rd7 23. Rfd1 Rxd1 24. Qxd1 Rd8 25. Qe2 Bb8 26. c4 bxc4 27. Nxc4
Qxb4 28. Ba3 Qb5 29. Bd3 Qd7 30. Rb1 Qxd3 31. Qxd3 Rxd3 32. Rxb7 Rd8 33. e5 Nd5
34. Bd6 Bxd6 35. Nxd6 Ne3+ 36. Kf2 Nf5 37. Nxf7 Rd2+ 38. Ke1 Rxh2 39. Ng5 Kf8
40. Nxe6+ Kg8 41. Ng5 Kf8 42. g4 Nd4 43. f4 Rh4 44. Rd7 Nc6 45. Rc7 Ne7 46. Ra7
Ke8 47. e6 Nd5 48. Rxg7 Rxg4 49. Nf7 1/2-1/2